LEADER 02334nas 2200745-a 450 001 9910895634203321 005 20260218111556.0 011 $a2192-8924 035 $a(CKB)110978966555624 035 $a(CONSER)--2011234204 035 $a(DE-599)ZDB3111291-2 035 $a(DE-599)ZDB3111293-6 035 $a(DE-599)3111293-6 035 $a(DE-599)3111291-2 035 $a(EXLCZ)99110978966555624 100 $a20110804a20119999 --- - 101 0 $ager 135 $aur||||||||||| 181 $ctxt$2rdacontent 182 $cc$2rdamedia 183 $acr$2rdacarrier 200 00$aForum Stadt $eVierteljahreszeitschrift für Stadtgeschichte, Stadtsoziologie, Denkmalpflege und Stadtentwicklung 210 $cBauhaus-Universitätsverlag, BUV ; Nomos 210 1$aWeinstadt :$cBAG-Verlag,$d©2010- 210 31$aStuttgart :$cForum Stadt Verlag 215 $a1 online resource 300 $aTitle from cover. 300 $aSome issues have also a theme title. 311 08$a0170-9364 531 $aALTE STADT 606 $aCities and towns$zGermany$vPeriodicals 606 $aCity planning$zGermany$vPeriodicals 606 $aCity planning$vPeriodicals 606 $aCities and towns$2fast$3(OCoLC)fst00861748 606 $aCity planning$2fast$3(OCoLC)fst00862177 606 $aStadtentwicklung$2gnd 606 $aDenkmalpflege$2gnd 606 $aStadtsoziologie$2gnd 606 $aStadt$2gnd 606 $aStädtische Gesellschaft$vZeitschrift$2idsbb 606 $aStadt$yGeschichte$vZeitschrift$2idsbb 606 $aDenkmalschutz$vZeitschrift$2idsbb 607 $aGermany$2fast 608 $aPeriodicals.$2fast 608 $aZeitschrift$2gnd-content 608 $aPeriodicals.$2lcgft 615 0$aCities and towns 615 0$aCity planning 615 0$aCity planning 615 7$aCities and towns. 615 7$aCity planning. 615 7$aStadtentwicklung. 615 7$aDenkmalpflege. 615 7$aStadtsoziologie. 615 7$aStadt. 615 7$aStädtische Gesellschaft 615 7$aStadt 615 7$aDenkmalschutz 712 02$aForum Stadt--Netzwerk Historische Sta?dte. 906 $aJOURNAL 912 $a9910895634203321 920 $aexl_impl conversion 996 $aForum Stadt$94231110 997 $aUNINA 999 $aConcerto